000 00769nam a2200205 i 4500
001 145167
003 ES-MaACL
005 20231228210626.0
007 t|
008 070214s1967 sp af ||||1| spa d
080 _a378.978(464.1M.)
100 1 _aSopeña Ibáñez, Federico,
_d1917-1991
_9107321
245 1 0 _aHistoria crítica del Conservatorio de Madrid /
_cFederico Sopeña Ibáñez.
260 _aMadrid :
_bMinisterio de Educación y Ciencia, Dirección General de Bellas Artes,
_c1967 (
_eValencia :
_fGráf. Soler)
300 _a283 p., 16 lám. ;
_c23 cm.
610 2 _aConservatorio de Música y Declamación (Madrid)
_9148946
710 1 _aEspaña.
_bDirección General de Bellas Artes.
_93704
852 _aES-MaACL
_jG-5527
999 _c145167
_d145167